Normal view MARC view

Entry Personal Name

Number of records used in: 1

001 - CONTROL NUMBER

  • control field: 168599

003 - CONTROL NUMBER IDENTIFIER

  • control field: OSt

005 - DATE AND TIME OF LATEST TRANSACTION

  • control field: 20220923225320.0

008 - FIXED-LENGTH DATA ELEMENTS

  • fixed length control field: 220923|| aca||aabn | a|a d

040 ## - CATALOGING SOURCE

  • Original cataloging agency: OSt
  • Transcribing agency: OSt

100 ## - HEADING--PERSONAL NAME

  • Personal name: गुप्त, धनवन्तकिशोर; राय, जयनारायण

670 ## - SOURCE DATA FOUND

  • Source citation: Work cat.: (OSt)377529: गुप्त, धनवन्तकिशोर; राय, जयनारायण, प्रकाशिकी, संपा नन्दलाल सिंह, 1966
Copyright @ Delhi University Library System